Представление документа в формате MARC21

Поле Инд. ПП Название Значение
Тип записи a
Библиографический уровень b
001 Контрольный номер ee103ea7366e471ea69b2004b5f2c9e9
005 Дата корректировки 20220217134622.2
008 Кодируемые данные 20170331
040 b Код языка каталог. rus
e Правила каталог. PSBO
041 0_ a Код языка текста rus
084 a Индекс другой классификации/Индекс ББК 67.021; 67.1(2)6
100 1_ a Автор Харабет К. В.
245 10 a Заглавие Академик В. И. Вернадский (государственно-правовые воззрения)
520 0_ a Аннотация Статья посвящена государственно-правовым воззрениям академика В.И. Вернадского
600 14 a Персоналии Вернадский Владимир Иванович
650 14 a Основная рубрика право; история правовых учений; теория права
653 0_ a Ключевые слова XX век
a Ключевые слова государственно-правовые учения
a Ключевые слова правовая культура
a Ключевые слова Россия
773 08 t Заглавие источника Российская юстиция
d Дата издания источника 2020
g Прочая информация № 4. - С. 39 - 42
w Контрольный № источника d9163a71ea1647108cab3fccfb4b3d86
901 t Тип документа b